Statistics for Tomato General Knowledge

Click here to take the quiz!

General Stats

  • This quiz has been taken 23 times
  • The average score is 8 of 15

Answer Stats

HintAnswer% Correct
Which cocktail is made with vodka and tomato juice?Bloody Mary
95%
What comes between bacon and tomato?Lettuce
90%
What well-known website aggregates reviews for film and television?{Rotten} Tomatoes
85%
For which meal do the English eat fried tomatoes?Breakfast
80%
Victims of which animal's smelly spray are often advised to bathe in tomato juice?Skunk
80%
What popular Spanish soup is tomato-based and served cold?Gazpacho
75%
What Italian starter dish consists of bread topped with tomatoes?Bruschetta
70%
What tomato-based food did Ronald Reagan famously declare a vegetable?Ketchup
65%
Which country produces the most tomatoes?China
50%
What does google suggest, when I type "Is a tomato a..."{fruit} {or} {vegetable}
45%
In which vehicle do people tend to drink tomato juice?Plane
35%
What's the Italian word for tomato?Pomodoro
20%
To the nearest whole number, what's the IQ of a tomato?3
15%
Which U.S. state has the unofficial nickname Tomato state?New Jersey
15%
In the universe of which video game can you find Tomato Town?Fortnite
5%

Score Distribution

Percentile by Number Answered

Percent of People with Each Score

Your Score History

You have not taken this quiz